| 000 | 00979nam a22003017a 4500 | ||
|---|---|---|---|
| 003 | CHAP | ||
| 005 | 20220329135254.0 | ||
| 008 | 971013s1982 r 10010 d | ||
| 010 | _a33602 | ||
| 011 | _a34574 | ||
| 035 | _a38690 | ||
| 040 | _cCHAP | ||
| 090 | _aFolleto 7927 | ||
| 111 | 0 | 0 |
_aCurso de Entrenamiento Técnicas en Bioproductividad y Fotosíntesis ( _n4 _d: 1982 _c: Saltillo, Coah.) _930611 |
| 245 | _aPonencias | ||
| 260 |
_aSaltillo, Coah. : _bCentro de Investigación en Química Aplicada, _c1982 |
||
| 300 |
_a48 p. _b: ilus. |
||
| 590 |
_aBATCH-UPD _b10 _c20130110 _lUCH01 _h1539 |
||
| 590 |
_aBATCH-UPD _b10 _c20130410 _lUCH01 _h0942 |
||
| 590 |
_aBATCH-UPD _b10 _c20130914 _lUCH01 _h0637 |
||
| 590 |
_aBATCH-UPD _b10 _c20130914 _lUCH01 _h2125 |
||
| 590 |
_aCONVERSION _b10 _c20130109 _lUCH01 _h1319 |
||
| 650 | 1 | 4 |
_aBiomasa. _912825 |
| 650 | 1 | 4 |
_aFotosíntesis. _942737 |
| 901 | _aBK | ||
| 942 | _cFOLL | ||
| 949 |
_aFolleto 7927 _bBC _cCONG _d-88435 _eCONG _i38690 _si |
||
| 999 |
_c33602 _d33602 |
||